000 00578cab a2200205 4500
001 WB3201-52
008 090401t1995 xxu||||| |||| 00| 0 eng d
035 _a(Sirsi) u11454
041 _aeng
245 _aStatistics of planning applications
260 _c1995
350 _a0
490 _aDOE Information Bulletin
_v(610) 20 December 1995, (28)
520 _aStatistical details of planning applications July to September 1995.
650 _aPLANNING APPLICATIONS
650 _aSTATISITCS
690 _aPLANNING LAW AND PRACTICE
942 _n0
948 _c04/03/1997
999 _c7304
_d7304